[Event "Florianopolis op 8th"]
[Site "Florianopolis"]
[Date "2022.01.29"]
[Round "8"]
[White "Borges, Leonardo Hisao Hera"]
[Black "Urquiza, Marcello de Albuque"]
[Result "1/2-1/2"]
[WhiteElo "1873"]
[BlackElo "2099"]
[PlyCount "85"]
[EventDate "2022.01.24"]
[EventType "swiss"]
[EventRounds "10"]
[EventCountry "BRA"]
[SourceTitle "EXT 2023"]
[Source "ChessBase"]
[SourceDate "2022.10.05"]
[SourceVersion "1"]
[SourceVersionDate "2022.10.05"]
[SourceQuality "1"]

1. Nf3 d5 2. g3 c6 3. Bg2 Bg4 4. c4 e6 5. cxd5 exd5 6. 0-0 Nf6 7. d3 Nbd7 8. Nc3 Bd6 9. Qc2 0-0 10. e4 Re8 11. Be3 Qa5 12. h3 dxe4 13. dxe4 Be6 14. Rfd1 Bf8 15. Nd4 Nb6 16. Nxe6 Rxe6 17. Ne2 Ree8 18. Nd4 Qc5 19. Qxc5 Bxc5 20. Rac1 Bf8 21. f3 h6 22. b3 Rad8 23. a4 Ba3 24. Rb1 Bb4 25. Nc2 Bc3 26. a5 Nc8 27. b4 a6 28. f4 Nh7 29. Kf2 Nf8 30. Ke2 Ne6 31. e5 Nc7 32. Rb3 Nb5 33. Be4 Rxd1 34. Kxd1 Rd8+ 35. Ke2 Ne7 36. Bd3 Nd4+ 37. Nxd4 Bxd4 38. Be4 Bxe3 39. Rxe3 Rd4 40. Kf3 Rxb4 41. Rd3 g6 42. Rd8+ Kg7 43. Rd7 1/2-1/2

[Event "BRA-ch U16"]
[Site "Florianopolis"]
[Date "2021.07.03"]
[Round "5"]
[White "Mesquita, Eduardo Barbosa"]
[Black "Borges, Leonardo Hisao Hera"]
[Result "0-1"]
[WhiteElo "1769"]
[BlackElo "1889"]
[PlyCount "51"]
[EventDate "2021.07.01"]
[EventType "swiss"]
[EventRounds "6"]
[EventCountry "BRA"]
[SourceTitle "CBM 203 Extra"]
[Source "ChessBase"]
[SourceDate "2021.09.30"]
[SourceVersion "1"]
[SourceVersionDate "2021.09.30"]
[SourceQuality "1"]

1. d4 Nf6 2. c4 g6 3. Nc3 d5 4. cxd5 Nxd5 5. e4 Nxc3 6. bxc3 Bg7 7. Nf3 c5 8. Be2 Nc6 9. Be3 Qa5 10. Bd2 Bg4 11. Qc1 0-0 12. 0-0 cxd4 13. cxd4 Qd8 14. d5 Bxf3 15. Bxf3 Nd4 16. Bd1 e6 17. Bg5 Qa5 18. d6 Qe5 19. Be7 Rfc8 20. Qe3 Nc6 21. d7 Rcb8 22. d8Q+ Nxd8 23. Rc1 Nc6 24. Bc5 b6 25. f4 Qb2 26. Rc2 0-1

[Event "Timbo op"]
[Site "Timbo"]
[Date "2021.06.13"]
[Round "6"]
[White "Borges, Leonardo Hisao Hera"]
[Black "Da Cunha, Gastao"]
[Result "1-0"]
[WhiteElo "1898"]
[BlackElo "1522"]
[PlyCount "95"]
[EventDate "2021.06.11"]
[EventType "swiss"]
[EventRounds "6"]
[EventCountry "BRA"]
[SourceTitle "EXT 2022"]
[Source "ChessBase"]
[SourceDate "2021.10.06"]
[SourceVersion "1"]
[SourceVersionDate "2021.10.06"]
[SourceQuality "1"]

1. Nf3 d5 2. g3 Nf6 3. c4 g6 4. b3 Bg7 5. Bb2 e6 6. Bg2 c6 7. 0-0 0-0 8. d4 Nbd7 9. Nbd2 Re8 10. Rc1 a5 11. a3 b6 12. Re1 Bb7 13. b4 axb4 14. axb4 Qe7 15. Qb3 dxc4 16. Nxc4 Nd5 17. b5 cxb5 18. Qxb5 Rec8 19. Nfe5 Nxe5 20. Nxe5 Bxe5 21. dxe5 Rc5 22. Qb3 Qc7 23. Ba3 Rxc1 24. Rxc1 Qd7 25. e4 Ne7 26. Bxe7 Qxe7 27. Qxb6 Ra6 28. Qb5 Qa3 29. Rd1 Bc6 30. Qb8+ Kg7 31. Qd8 Ra8 32. Qf6+ Kg8 33. h4 Qa4 34. Re1 Qb4 35. Re3 Ra3 36. Qd8+ Kg7 37. Re2 Qb1+ 38. Kh2 Ra2 39. Qf6+ Kg8 40. Re3 Qc2 41. Rf3 Ra7 42. h5 Qd2 43. Rf4 gxh5 44. Qg5+ Kh8 45. Qxh5 Qd7 46. Qh6 Qd8 47. Bf3 Qg8 48. Rg4 1-0

[Event "Sao Bento do Sul op 05"]
[Site "Sao Bento do Sul"]
[Date "2021.05.09"]
[Round "6"]
[White "Almeida Junior, Alvaro Alves de"]
[Black "Borges, Leonardo Hisao Hera"]
[Result "1-0"]
[WhiteElo "2134"]
[BlackElo "1905"]
[PlyCount "91"]
[EventDate "2021.05.07"]
[EventType "swiss"]
[EventRounds "6"]
[EventCountry "BRA"]
[SourceTitle "EXT 2022"]
[Source "ChessBase"]
[SourceDate "2021.10.06"]
[SourceVersion "1"]
[SourceVersionDate "2021.10.06"]
[SourceQuality "1"]

1. e4 c5 2. Nf3 e6 3. c4 a6 4. Nc3 Qc7 5. Be2 b6 6. 0-0 Bb7 7. d4 cxd4 8. Nxd4 Nf6 9. Qc2 Be7 10. Be3 d6 11. b3 Nbd7 12. f4 g6 13. Bf3 h5 14. Rad1 Rc8 15. a4 Nc5 16. e5 Bxf3 17. Rxf3 dxe5 18. fxe5 Ng4 19. Bf4 g5 20. Ndb5 axb5 21. Nxb5 Qc6 22. Bxg5 Nxe5 23. Re3 Bxg5 24. Rxe5 Bf6 25. Re2 Rd8 26. b4 Rxd1+ 27. Qxd1 Nd7 28. Rd2 h4 29. Rd6 Qb7 30. Rxe6+ Kf8 31. Re8+ Kxe8 32. Nd6+ Ke7 33. Nxb7 Rc8 34. Qd6+ Ke8 35. c5 bxc5 36. bxc5 Be7 37. Qd5 Nxc5 38. Nd6+ Bxd6 39. Qxd6 Ne6 40. a5 Rd8 41. Qc6+ Ke7 42. a6 Rd7 43. Qb6 Rd6 44. Qb4 Kd7 45. a7 Nc7 46. Qa4+ 1-0

[Event "Florianopolis op 7th"]
[Site "Florianopolis"]
[Date "2021.01.23"]
[Round "8"]
[White "Borges, Leonardo Hisao Hera"]
[Black "Tomiello, Lucas Costamilan"]
[Result "0-1"]
[WhiteElo "1925"]
[BlackElo "2133"]
[PlyCount "106"]
[EventDate "2021.01.18"]
[EventType "swiss"]
[EventRounds "10"]
[EventCountry "BRA"]
[SourceTitle "CBM 200 Extra"]
[Source "ChessBase"]
[SourceDate "2021.03.31"]
[SourceVersion "1"]
[SourceVersionDate "2021.03.31"]
[SourceQuality "1"]

1. Nf3 Nf6 2. g3 g6 3. b3 Bg7 4. Bb2 d6 5. d4 b5 6. Bg2 Bb7 7. Nbd2 Nbd7 8. c4 bxc4 9. Nxc4 a5 10. 0-0 0-0 11. Rc1 c5 12. Re1 Ra6 13. dxc5 Nxc5 14. Bf1 Qa8 15. Nd4 Nd5 16. e4 Nb4 17. a3 Nc6 18. Nxc6 Bxc6 19. Bxg7 Kxg7 20. Qd4+ Kg8 21. Nd2 Ra7 22. b4 axb4 23. axb4 Ne6 24. Qe3 Ra3 25. Rc3 Rxc3 26. Qxc3 Rc8 27. Qe3 Rb8 28. Rb1 Bb5 29. Bg2 Qa2 30. h4 Rc8 31. Rb3 Rc1+ 32. Kh2 Rc2 33. Ra3 Qb2 34. Rb3 Qd4 35. Nf3 Qxe3 36. fxe3 Bc6 37. Kh3 Bxe4 38. Ne1 Bxg2+ 39. Nxg2 Rc6 40. g4 Rb6 41. Ne1 Nc5 42. Rb2 f6 43. Kg2 Kf7 44. Kf3 e5 45. e4 Ke6 46. Ke3 Na4 47. Rb1 Nc3 48. Rb3 d5 49. exd5+ Nxd5+ 50. Kf3 Rxb4 51. Ra3 e4+ 52. Kf2 f5 53. h5 e3+ 0-1

[Event "Florianopolis op 7th"]
[Site "Florianopolis"]
[Date "2021.01.19"]
[Round "2"]
[White "Borges, Leonardo Hisao Hera"]
[Black "Machado, Luiz Fernando"]
[Result "1-0"]
[WhiteElo "1925"]
[BlackElo "1658"]
[PlyCount "79"]
[EventDate "2021.01.18"]
[EventType "swiss"]
[EventRounds "10"]
[EventCountry "BRA"]
[SourceTitle "CBM 200 Extra"]
[Source "ChessBase"]
[SourceDate "2021.03.31"]
[SourceVersion "1"]
[SourceVersionDate "2021.03.31"]
[SourceQuality "1"]

1. Nf3 c5 2. c4 g6 3. Nc3 Nc6 4. g3 Bg7 5. Bg2 e5 6. d3 Nge7 7. 0-0 0-0 8. Rb1 d6 9. a3 a5 10. Ne1 Be6 11. Nc2 d5 12. cxd5 Nxd5 13. Ne3 Nce7 14. Nexd5 Nxd5 15. Na4 Qc7 16. Qc2 Rac8 17. Bd2 b6 18. Rfc1 Rfd8 19. Bg5 Rd7 20. h4 h6 21. Bd2 Ne7 22. b4 axb4 23. axb4 cxb4 24. Qd1 Qd8 25. Rxc8 Nxc8 26. Rxb4 Bd5 27. Bh3 f5 28. h5 Qf6 29. Qc1 Bb7 30. Bxh6 gxh5 31. Bg5 Qg6 32. e4 Rxd3 33. Qc4+ Kh8 34. Qxd3 Qxg5 35. Bxf5 h4 36. Qd7 Qc1+ 37. Kg2 h3+ 38. Kxh3 Ne7 39. Qxe7 Qh6+ 40. Qh4 1-0

[Event "Florianopolis op 7th"]
[Site "Florianopolis"]
[Date "2021.01.18"]
[Round "1"]
[White "Labussiere, Victor"]
[Black "Borges, Leonardo Hisao Hera"]
[Result "1-0"]
[WhiteElo "2332"]
[BlackElo "1925"]
[PlyCount "75"]
[EventDate "2021.01.18"]
[EventType "swiss"]
[EventRounds "10"]
[EventCountry "BRA"]
[SourceTitle "CBM 200 Extra"]
[Source "ChessBase"]
[SourceDate "2021.03.31"]
[SourceVersion "1"]
[SourceVersionDate "2021.03.31"]
[SourceQuality "1"]

1. c4 Nf6 2. Nc3 c5 3. Nf3 e6 4. d4 cxd4 5. Nxd4 a6 6. a3 Qc7 7. e4 b6 8. Be3 Bb7 9. f3 Be7 10. Rc1 d6 11. g4 h6 12. Kd2 Nbd7 13. Kc2 Ne5 14. Kb1 Rc8 15. Be2 Qb8 16. Qa4+ Nfd7 17. h4 Qa8 18. Ka1 Nc6 19. Qd1 g6 20. Nxc6 Bxc6 21. Qd4 e5 22. Qd2 Nc5 23. Ka2 Bf8 24. Nd5 Bxd5 25. cxd5 a5 26. Bb5+ Ke7 27. b3 Bg7 28. Kb2 a4 29. Bxc5 bxc5 30. Bxa4 Rb8 31. Bc6 Qa6 32. a4 Rb4 33. Rc4 Rhb8 34. Bb5 Qa5 35. Rxb4 Qxb4 36. Qxb4 cxb4 37. Bc6 f6 38. a5 1-0

[Event "Sao Bento do Sul op 4th"]
[Site "Sao Bento do Sul"]
[Date "2020.11.01"]
[Round "5"]
[White "Borges, Leonardo Hisao Hera"]
[Black "Ribeiro Carrico, Victor Hugo"]
[Result "1/2-1/2"]
[WhiteElo "1905"]
[BlackElo "1761"]
[PlyCount "53"]
[EventDate "2020.10.31"]
[EventType "swiss"]
[EventRounds "6"]
[EventCountry "BRA"]
[SourceTitle "EXT 2022"]
[Source "ChessBase"]
[SourceDate "2021.10.06"]
[SourceVersion "1"]
[SourceVersionDate "2021.10.06"]
[SourceQuality "1"]

1. Nf3 d5 2. g3 e6 3. Bg2 f5 4. c4 Nf6 5. 0-0 Be7 6. Qc2 0-0 7. Nc3 Nc6 8. cxd5 exd5 9. d3 h6 10. a3 Be6 11. b4 Bd6 12. Nb5 Be7 13. Bf4 Rc8 14. Nbd4 Nxd4 15. Nxd4 Bd7 16. b5 c5 17. bxc6 bxc6 18. Nf3 Nh5 19. Be3 Qc7 20. Bc5 Rce8 21. Nd4 f4 22. Bxe7 Rxe7 23. Bxd5+ Kh8 24. Qc5 Ree8 25. Bg2 g6 26. Rac1 Kg7 27. Nb5 1/2-1/2

[Event "Sao Bento do Sul op 4th"]
[Site "Sao Bento do Sul"]
[Date "2020.11.01"]
[Round "4"]
[White "Da Silva Junior, Marco Aurelio"]
[Black "Borges, Leonardo Hisao Hera"]
[Result "0-1"]
[WhiteElo "1709"]
[BlackElo "1905"]
[PlyCount "48"]
[EventDate "2020.10.31"]
[EventType "swiss"]
[EventRounds "6"]
[EventCountry "BRA"]
[SourceTitle "EXT 2022"]
[Source "ChessBase"]
[SourceDate "2021.10.06"]
[SourceVersion "1"]
[SourceVersionDate "2021.10.06"]
[SourceQuality "1"]

1. e4 c5 2. Nf3 e6 3. g3 Nc6 4. Bg2 Nge7 5. c3 g6 6. d4 cxd4 7. cxd4 d5 8. Nc3 Bg7 9. e5 0-0 10. Bg5 Qb6 11. Qd2 Nf5 12. Rd1 f6 13. exf6 Bxf6 14. Bxf6 Rxf6 15. 0-0 Bd7 16. Ne5 Be8 17. Nxd5 exd5 18. Bxd5+ Kg7 19. Ng4 Rd6 20. Qg5 Qd8 21. Qxd8 Raxd8 22. Bxc6 Bxc6 23. Ne5 Nxd4 24. Nxc6 Nxc6 0-1

[Event "Sao Paulo Carnaval op"]
[Site "Sao Paulo"]
[Date "2020.02.23"]
[Round "3"]
[White "Awoki, Daniel Teidi"]
[Black "Borges, Leonardo Hisao Hera"]
[Result "1-0"]
[WhiteElo "2169"]
[BlackElo "1885"]
[PlyCount "72"]
[EventDate "2020.02.22"]
[EventType "swiss"]
[EventRounds "7"]
[EventCountry "BRA"]
[SourceTitle "CBM 195 Extra"]
[Source "ChessBase"]
[SourceDate "2020.05.31"]
[SourceVersion "1"]
[SourceVersionDate "2020.05.31"]
[SourceQuality "1"]

1. e4 c5 2. Nf3 e6 3. d3 Nc6 4. g3 g6 5. Bg2 Bg7 6. 0-0 Nge7 7. c3 d5 8. Qe2 0-0 9. e5 d4 10. c4 Qc7 11. Bf4 Nb8 12. Nbd2 Nec6 13. Ne4 Nd7 14. Nf6+ Kh8 15. Rfe1 Qd8 16. Nxd7 Bxd7 17. h4 Rb8 18. h5 Kg8 19. hxg6 hxg6 20. Qd2 b5 21. b3 bxc4 22. bxc4 Qa5 23. Qe2 Qa3 24. Nh2 Nb4 25. Be4 Bc6 26. Bxc6 Nxc6 27. Ng4 Rfd8 28. Nf6+ Kf8 29. Bg5 Bxf6 30. Bxf6 Rdc8 31. Qe4 Ke8 32. Kg2 Nb4 33. Rad1 Qa6 34. a3 Nc2 35. Re2 Qa4 36. Rc1 Rb2 1-0

[Event "Florianopolis op 6th"]
[Site "Florianopolis"]
[Date "2020.01.21"]
[Round "3"]
[White "De Oliveira, Gustavo Alfredo Bue"]
[Black "Borges, Leonardo Hisao Hera"]
[Result "1/2-1/2"]
[WhiteElo "2176"]
[BlackElo "1890"]
[PlyCount "39"]
[EventDate "2020.01.20"]
[EventType "swiss"]
[EventRounds "10"]
[EventCountry "BRA"]
[SourceTitle "CBM 194 Extra"]
[Source "ChessBase"]
[SourceDate "2020.03.31"]
[SourceVersion "1"]
[SourceVersionDate "2020.03.31"]
[SourceQuality "1"]

1. e4 c5 2. Nf3 a6 3. c4 e6 4. Nc3 Qc7 5. d4 cxd4 6. Nxd4 Nf6 7. a3 Be7 8. Be2 b6 9. 0-0 Bb7 10. Bd3 d6 11. Be3 0-0 12. Rc1 Nbd7 13. f3 Rac8 14. Qe2 Qb8 15. Bf2 Ne5 16. b3 Nxd3 17. Qxd3 d5 18. Nc2 dxe4 19. fxe4 Rfd8 20. Qe2 1/2-1/2

[Event "Parana-ch"]
[Site "Maringa"]
[Date "2019.12.13"]
[Round "3"]
[White "Borges, Leonardo Hisao Hera"]
[Black "Gonzalez, Bolivar Ribeiro"]
[Result "1-0"]
[WhiteElo "1798"]
[BlackElo "2221"]
[PlyCount "111"]
[EventDate "2019.12.12"]
[EventType "swiss"]
[EventRounds "7"]
[EventCountry "BRA"]
[SourceTitle "CBM 193 Extra"]
[Source "ChessBase"]
[SourceDate "2020.01.31"]
[SourceVersion "1"]
[SourceVersionDate "2020.01.31"]
[SourceQuality "1"]

1. Nf3 c5 2. g3 g6 3. Bg2 Bg7 4. c4 Nc6 5. Nc3 e5 6. 0-0 Nge7 7. d3 h6 8. Rb1 0-0 9. a3 a5 10. Ne1 f5 11. Nc2 a4 12. Ne3 Nd4 13. Ned5 Nxd5 14. Bxd5+ Kh7 15. Be3 Qa5 16. f4 exf4 17. Bxf4 Ra6 18. e4 d6 19. exf5 Nxf5 20. Bd2 Qc7 21. Nxa4 Qd7 22. g4 Rxa4 23. gxf5 Rxf5 24. Rxf5 gxf5 25. Be3 Qe8 26. Qf3 Ra7 27. Kh1 b6 28. Qf4 Qe5 29. Qf3 Be6 30. Bxe6 Qxe6 31. Bf2 Qf7 32. Qc6 Qb7 33. Qxb7 Rxb7 34. b4 Ra7 35. bxc5 bxc5 36. Rb3 f4 37. Kg2 Kg6 38. Rb6 Rxa3 39. Rxd6+ Kf7 40. Bxc5 Ra2+ 41. Bf2 Be5 42. Rd5 f3+ 43. Kxf3 Bxh2 44. Rh5 Bb8 45. Rxh6 Rd2 46. Ke3 Rc2 47. Rh7+ Ke6 48. Rb7 Bd6 49. Rb5 Kd7 50. Bh4 Kc6 51. Bf6 Bc5+ 52. Bd4 Bd6 53. Rb6+ Kc7 54. Ke4 Rh2 55. Rxd6 Rh4+ 56. Kd5 1-0

[Event "Sao Paulo op-B U2050 8th"]
[Site "Sao Paulo"]
[Date "2019.10.20"]
[Round "5"]
[White "Borges, Leonardo Hisao Hera"]
[Black "Ohara, Matheus Kendi"]
[Result "1/2-1/2"]
[WhiteElo "1771"]
[BlackElo "1684"]
[PlyCount "105"]
[EventDate "2019.10.17"]
[EventType "swiss"]
[EventRounds "6"]
[EventCountry "BRA"]
[SourceTitle "CBM 192 Extra"]
[Source "Chessbase"]
[SourceDate "2019.11.06"]
[SourceVersion "1"]
[SourceVersionDate "2019.11.06"]
[SourceQuality "1"]

1. Nf3 Nf6 2. g3 g6 3. b3 Bg7 4. Bb2 d5 5. c4 c6 6. Bg2 0-0 7. 0-0 Re8 8. d4 Be6 9. Nbd2 Qc8 10. Re1 Bh3 11. Bh1 Qf5 12. e4 Qh5 13. Ne5 Qxd1 14. Raxd1 dxe4 15. Nxe4 Nxe4 16. Bxe4 Nd7 17. Nd3 Nf6 18. Bh1 Rad8 19. Nc5 Bc8 20. Nd3 Bf5 21. Nf4 e6 22. Ba3 Bf8 23. Bb2 Bg7 24. Bc1 h6 25. h4 Rd7 26. Be3 Ng4 27. Bf3 Red8 28. d5 Nxe3 29. Rxe3 g5 30. hxg5 hxg5 31. Nh5 exd5 32. cxd5 cxd5 33. Nxg7 Kxg7 34. Re5 Kf6 35. Rexd5 Rxd5 36. Rxd5 Rxd5 37. Bxd5 Bb1 38. a3 Ba2 39. Bxb7 Bxb3 40. Kg2 Ke5 41. Kf3 f5 42. Ke3 f4+ 43. gxf4+ gxf4+ 44. Kd3 Be6 45. Kc3 Bf5 46. f3 Be6 47. a4 a5 48. Be4 Bf7 49. Bc2 Bd5 50. Bd1 Bc6 51. Kc4 Bd5+ 52. Kc5 Ba8 53. Be2 1/2-1/2

[Event "Sao Paulo op-B U2050 8th"]
[Site "Sao Paulo"]
[Date "2019.10.19"]
[Round "4"]
[White "Dos Reis, Leandro Aparecido C"]
[Black "Borges, Leonardo Hisao Hera"]
[Result "0-1"]
[WhiteElo "2000"]
[BlackElo "1771"]
[PlyCount "100"]
[EventDate "2019.10.17"]
[EventType "swiss"]
[EventRounds "6"]
[EventCountry "BRA"]
[SourceTitle "CBM 192 Extra"]
[Source "Chessbase"]
[SourceDate "2019.11.06"]
[SourceVersion "1"]
[SourceVersionDate "2019.11.06"]
[SourceQuality "1"]

1. d4 Nf6 2. c4 g6 3. Nc3 d5 4. Nf3 Bg7 5. Qb3 dxc4 6. Qxc4 c6 7. e4 Be6 8. Qd3 0-0 9. Be2 b5 10. Qc2 h6 11. 0-0 Nbd7 12. Rd1 a6 13. Be3 Nb6 14. Nd2 Ng4 15. Nb3 Nxe3 16. fxe3 Qc8 17. Nc5 Bg4 18. a4 Nc4 19. Bxc4 Bxd1 20. Nxd1 bxc4 21. e5 Qg4 22. Rc1 Rfd8 23. Qxc4 h5 24. h3 Qg3 25. Qe2 Bh6 26. Ne4 Qh4 27. Ndf2 e6 28. g3 Qe7 29. Rxc6 Qb4 30. Rc7 Rdc8 31. Qf3 Rxc7 32. Nf6+ Kg7 33. Qxa8 Rc1+ 34. Kg2 Qf8 35. Ne8+ Kh8 36. Ne4 Bxe3 37. N4f6 Rc2+ 38. Kf3 Bg5 39. Qxa6 Bxf6 40. Nxf6 Rxb2 41. Ke4 Rb3 42. g4 hxg4 43. hxg4 Kg7 44. Qc6 Qa3 45. Qa8 Qc1 46. Qg8+ Kh6 47. Qh8+ Kg5 48. Nh7+ Kxg4 49. Nf6+ Kg3 50. d5 Qc4# 0-1

[Event "BRA-ch Amateur U1800"]
[Site "Sao Paulo"]
[Date "2019.06.23"]
[Round "7"]
[White "Martins de Aguiar, Marina"]
[Black "Borges, Leonardo Hisao Hera"]
[Result "0-1"]
[WhiteElo "1724"]
[BlackElo "1748"]
[PlyCount "146"]
[EventDate "2019.06.20"]
[EventType "swiss"]
[EventRounds "7"]
[EventCountry "BRA"]
[SourceTitle "CBM 195 Extra"]
[Source "ChessBase"]
[SourceDate "2020.05.31"]
[SourceVersion "1"]
[SourceVersionDate "2020.05.31"]
[SourceQuality "1"]

1. e4 c5 2. Nf3 e6 3. d4 cxd4 4. Nxd4 a6 5. Nc3 Qc7 6. a3 Nf6 7. Be3 Be7 8. Be2 b5 9. 0-0 Bb7 10. Bf3 d6 11. Re1 0-0 12. Nb3 Nc6 13. Bf4 Nd7 14. g3 Nce5 15. Bg2 Nc4 16. Bc1 Bf6 17. Nd4 Qb6 18. Nce2 Nc5 19. b3 Ne5 20. Nf4 g6 21. Be3 Qa7 22. Nh3 Bxe4 23. Bxe4 Nxe4 24. Bh6 Nc3 25. Qd2 Bg7 26. Bxg7 Kxg7 27. Ng5 Rae8 28. Qf4 Nd5 29. Qe4 h6 30. Ngf3 Nxf3+ 31. Nxf3 Nf6 32. Qd3 Qc5 33. Re2 Rc8 34. a4 Qc3 35. Qxc3 Rxc3 36. axb5 Rxf3 37. bxa6 Ra8 38. Rd2 d5 39. Rd4 Rc3 40. Rb4 Rxc2 41. Rb7 Rcc8 42. a7 Ne8 43. Ra6 Rc7 44. Rb8 Raxa7 45. Rxa7 Rxa7 46. Rxe8 Rb7 47. Kf1 Rxb3 48. Ke2 Kf6 49. Rh8 h5 50. Rd8 Ke7 51. Ra8 Rb4 52. Ra7+ Kf6 53. Kd3 h4 54. Rd7 hxg3 55. hxg3 Rb3+ 56. Kd2 Rf3 57. Ke2 Rf5 58. Ke3 g5 59. f3 Ke5 60. Ra7 d4+ 61. Ke2 Kf6 62. g4 Re5+ 63. Kf2 d3 64. Ra2 Re2+ 65. Rxe2 dxe2 66. Kxe2 Ke5 67. Ke3 Kd5 68. f4 f6 69. Kf3 Kd4 70. fxg5 fxg5 71. Ke2 Ke4 72. Kf2 Kf4 73. Ke2 Kxg4 0-1

[Event "BRA-ch U14"]
[Site "Florianopolis"]
[Date "2019.04.18"]
[Round "1"]
[White "Machado, Wesley Henrique"]
[Black "Borges, Leonardo Hisao Hera"]
[Result "0-1"]
[WhiteElo "1363"]
[BlackElo "1688"]
[PlyCount "74"]
[EventDate "2019.04.18"]
[EventType "swiss"]
[EventRounds "6"]
[EventCountry "BRA"]
[SourceTitle "CBM 190 Extra"]
[Source "ChessBase"]
[SourceDate "2019.07.15"]
[SourceVersion "1"]
[SourceVersionDate "2019.07.15"]
[SourceQuality "1"]

1. f4 Nf6 2. Nc3 d5 3. d3 d4 4. Ne4 e6 5. e3 dxe3 6. Bxe3 b6 7. Be2 Nd5 8. Bd2 Bb7 9. Bf3 c6 10. Ne2 Be7 11. d4 Nd7 12. c3 Qc7 13. Qc2 c5 14. Rc1 Rc8 15. g3 f5 16. Ng5 Bxg5 17. fxg5 Nb4 18. cxb4 Bxf3 19. Rf1 Bxe2 20. Bf4 Qc6 21. Qxe2 0-0 22. dxc5 bxc5 23. bxc5 e5 24. Qc4+ Kh8 25. Be3 Nb6 26. Qa6 Qe4 27. Qe2 Na4 28. Bg1 Qb4+ 29. Qd2 Qb5 30. Qc2 Rcd8 31. b3 Qb4+ 32. Ke2 Qg4+ 33. Ke1 Qb4+ 34. Ke2 Qb5+ 35. Kf2 Nxc5 36. Qxc5 Rd2+ 37. Kf3 Qe2# 0-1

[Event "Curitiba Fexpar op 1st"]
[Site "Curitiba"]
[Date "2018.11.04"]
[Round "6"]
[White "Borges, Leonardo Hisao Hera"]
[Black "Moyses Sobrinho, Elias"]
[Result "0-1"]
[WhiteElo "1651"]
[BlackElo "1931"]
[PlyCount "90"]
[EventDate "2018.11.02"]
[EventType "swiss"]
[EventRounds "7"]
[EventCountry "BRA"]
[SourceTitle "EXT 2020"]
[Source "ChessBase"]
[SourceDate "2019.10.17"]
[SourceVersion "1"]
[SourceVersionDate "2019.10.17"]
[SourceQuality "1"]

1. Nf3 Nf6 2. g3 g6 3. b3 b6 4. Bg2 Bb7 5. d4 Bg7 6. Bb2 0-0 7. c4 d5 8. 0-0 Ne4 9. Nfd2 Nxd2 10. Qxd2 e6 11. Rd1 Nd7 12. Nc3 Nf6 13. Rac1 c6 14. a3 Qd7 15. e4 Nxe4 16. Nxe4 dxe4 17. Bxe4 Rfd8 18. Qe2 Qe7 19. Bf3 Rd7 20. Rd2 Bh6 21. Rcd1 Bxd2 22. Rxd2 Rad8 23. Bc1 Rxd4 24. Rxd4 Rxd4 25. Qe5 Qd6 26. Qe2 f6 27. Be3 Rd3 28. c5 Qd7 29. cxb6 axb6 30. Bxb6 Rxb3 31. Bc5 Kf7 32. h4 Qd3 33. Qxd3 Rxd3 34. Kg2 e5 35. a4 f5 36. a5 Rc3 37. Bb6 e4 38. Be2 Ke6 39. a6 Ba8 40. a7 c5 41. Bc7 Kd5 42. g4 Ra3 43. Bb8 c4 44. gxf5 gxf5 45. f3 Kd4 0-1